| 000 | 00752nam a2200241 a 4500 | ||
|---|---|---|---|
| 001 | 369 | ||
| 003 | BR-CuiBMT | ||
| 005 | 20231102003518.0 | ||
| 008 | 231102s2018 mgb 000 0 por d | ||
| 020 | _a9788545004400 | ||
| 040 |
_aBR-CuiBMT _cBR-CuiBMT |
||
| 080 |
_22007 _a351.712 |
||
| 090 |
_a351.712 _bA658t |
||
| 100 | 1 | _aArabi, Abhner Youssif Mota | |
| 245 |
_aTerceirização : _buma leitura constitucional e administrativa / _cAbhner Youssif Mota Arabi , Valter Shuenquener de Araújo. |
||
| 260 |
_aBelo Horizonte : _bFórum, _c2018. |
||
| 300 |
_a182 p.: _c22 cm |
||
| 650 | _aDireito administrativo | ||
| 650 | _aTerceirização | ||
| 650 | _aDireito constitucional | ||
| 700 |
_aAraújo, Valter Shuenquener de _eautor |
||
| 942 |
_2udc _cLV |
||
| 999 |
_c369 _d369 |
||